Guess Every Arctic Monkeys Song Based on Its First Line - Statistics

General Stats
  • This quiz has been taken 6,296 times
    5,677 since last reset
  • The average score is 30 of 81
Answer Stats
Lyric Song % Correct
Stop and wait a sec. When you look at me like that, my darling, what did you expect? 505
92%
The mirror's image tells me it's home time. But I'm not finished, 'cause you're not by my side. Why'd You Only Call Me When You're High?
88%
Well, now then, mardy bum. I've seen your frown and it's like looking down the barrel of a gun. Mardy Bum
76%
I wanna be your vacuum cleaner, breathing in your dust. I Wanna Be Yours
74%
Have you got colour in your cheeks? Do you ever get that fear that you can't shift the type that sticks around, like something in your teeth? Do I Wanna Know?
70%
Old yellow bricks. Love's a risk. Old Yellow Bricks
69%
Arabella's got some interstellar 'gator skin boots. Arabella
68%
They sped up to the point where they provoke the punchline before they have told the joke. Teddy Picker
68%
Brian, top marks for not trying. Brianstorm
66%
I thought I saw you in the Battleship, but it was only a look-alike. Cornerstone
63%
You used to get in your fishnets. Now you only get it in your night dress. Fluorescent Adolescent
63%
I'm a puppet on a string. Tracy Island, time-travelling. R U Mine?
63%
Get on your dancing shoes. There's one thing on your mind. Dancing Shoes
62%
Mad sounds in your ears. They make you feel all right. Mad Sounds
62%
Said, Who's that girl there? I wonder what went wrong, so that she had to roam the streets. When the Sun Goes Down
61%
Fools on parade. Cavort and carry on. Secret Door
58%
Fake tales of San Francisco echo through the room. Fake Tales of San Francisco
56%
I wanna build you up, brick by brick. Brick by Brick
55%
Stop making the eyes at me, I'll stop making my eyes at you. I Bet You Look Good on the Dance Floor
55%
If you were there, beware the serpent soul-pinchers. If You Were There, Beware
53%
Outside the café by the cracker factory, you were practising a magic trick. Crying Lightning
51%
What's been happening in your world? What have you been up to? Snap Out of It
49%
You've got the lights on in the afternoon. And the nights are drawn out long. Knee Socks
46%
Library pictures of the quickening canoe. The first of its kind to get to the moon. Library Pictures
46%
Well, the mourning was complete. There were tears on the steering wheel, dripping on the seat. Do Me a Favour
45%
Last night they used two bouncers, and one of them's all right, the other one's scarier. From the Ritz to the Rubble
43%
Jet skis on the moat. They shot it all in CinemaScope. Jet Skis on the Moat
43%
For a master of deception and subterfuge, you've made yourself quite the bed to lie in. Body Paint
42%
Running off over next door's garden before the hour is done. It's more a question of feeling than it is a question of fun. Balaclava
41%
I etched a face of a stopwatch, on the back of a raindrop. Piledriver Waltz
39%
Trudging through the morning. The tramp with the trampoline under his arm shifts past your whiskers. Pretty Visitors
39%
Well, oh, they might wear classic Reeboks. Or knackered Converse, or tracky bottoms tucked in socks. A Certain Romance
38%
Advertise in imaginative ways. Start your free trial today. Four Out of Five
37%
So you're on the prowl, wondering whether she already left or not. No. 1 Party Anthem
37%
Don't get emotional. That ain't like you. There'd Better Be a Mirrorball
37%
Your love is like a studded leather headlock. Suck It and See
36%
I can't explain, but I wanna try. There's this image of you and I. Fireside
35%
In a foreign place. The saving grace was the feeling that it was a heart that he was stealing. Only Ones Who Know
35%
He knew what he wanted to say, but he didn't know how to word it. D Is for Dangerous
33%
Got a chase last night, from men with truncheons dressed in hats. Riot Van
33%
Lately I've been seeing things. Belly button piercings. Black Treacle
32%
Dancing in my underpants. I'm gonna run for government. One-Point Perspective
32%
Anticipation has the habit to set you up for disappointment in evening entertainment, but tonight there'll be some love. The View from the Afternoon
31%
I just wanted to be one of The Strokes. Now look at the mess you made me make. Star Treatment
30%
Break a mirror. Roll the dice. Don't Sit Down, 'Cause I've Moved Your Chair
29%
How am I supposed to manage my infallible beliefs? While I'm socking it to you. Sculptures of Anything Goes
29%
Jesus in the day spa. Filling out the information form. Tranquility Base Hotel & Casino
29%
Still got pictures of friends on the wall. I suppose we aren't really friends anymore. The Ultracheese
28%
If you can summon the strength, tow me. I can't hold down the urgency. My Propeller
27%
Topless models, doing semaphore. Reckless Serenade
27%
From the bottom of your heart. The relegation zone. One for the Road
26%
Well, it's ever so funny. 'Cause I don't think you're special, I don't think you're cool. Still Take You Home
26%
Blind faith. Heartbreak. Mind games. Mistakes. I Want It All
25%
We'll ask if we can have six in. If not, we'll have to have two. Red Light Indicates Doors Are Secured
25%
I was biting the time zone. And we embellished the banks of our bloodstreams. Potion Approaching
24%
Freaky keypad, by the retina scan. I Ain't Quite Where I Think I Am
23%
Do you still feel younger than you thought you would by now? Love Is a Laserquest
23%
I've been feeling foolish. You should try it. She's Thunderstorms
23%
I heard the truth was built to bend. A mechanism to suspend the guilt. Dance Little Liar
21%
Richard of York (The Executive Branch)'s having some fun with the warm-up act. Perfect Sense
21%
Just when things are getting complicated, in the eye of the storm. The Hellcat Spangled Shalalala
21%
Well, the times are so a-changing. Baby, even when it's live. 2013
20%
Lego Napoleon movie. Written in noble gas-filled glass tubes, underlined in sparks. Hello You
20%
You push the button and we'll do the rest... The World's First Ever Monster Truck Front Flip
20%
Well, that's quite a number to sing. Spotlit, getting lowered in. Big Ideas
19%
Been fighting with my sheets. And nearly crying in my sleep. Dangerous Animals
19%
Religious iconography. Giving you the creeps. Science Fiction
19%
Oh, the night's like a whirlwind. Somebody's girlfriend is talking to me, but it's all right. The Bad Thing
19%
Your grandfather's guitar. Thinking about how funny I must look. The Car
18%
Smile like you've got a straw in something tropical. I've got the party plugged right into my skull. She Looks like Fun
16%
A pussyfooting setting sun. Make a wish that weighs a ton. That's Where You're Wrong
16%
One look sends it coursing through the veins. Oh, how the feeling races back up to their brains. You Probably Couldn't See for the Lights, But You Were Staring Straight at Me
16%
Caricatures of your wrecking ball. In my mind all the time. All My Own Stunts
15%
So when you gaze at planet Earth from outer space, does it wipe that stupid look off your face? American Sports
15%
I've seen your eyes as they fix on me. What is he doing? Perhaps 'Vampires' Is a Bit Strong, But...
15%
I want an interesting synonym to describe this thing that you say we're all grandfathered in. Batphone
14%
You showed me my tomorrow beside a box of matches. Fire and the Thud
14%
Fiendish wonder in a carnival's wake. Dull caresses once again irritate. The Jeweller's Hands
14%
Put your heavy metal to the test. There might be half a love song in it all for you. Mr Schwartz
12%
There's a room full of trouble and there's lovers to be had. Those who make sinners out of such lovely lads. This House Is a Circus
12%
Last night when my psyche's subcommittee sang to me in its scary voice, you slowly dropped your eyelids. Golden Trunks
11%
No matching quizzes found
Score Distribution
Percent of People with Each Score
Percentile by Number Answered
Your Score History
You have not taken this quiz since the last reset